1830 1384 1584 1024 1398 1287 1826 1849 1772 1097 1216 1697 1107 1934 1314 1720 1260 1781 1345 1482 1621 1526 1455 1906 1520 1612 1677 1065 1356 1508 1319 1815 1330 1424 1400 1420 1677 1467 1321 1358 1376 1578 1279 1838 1643 1306 1572 1541 1716 1579 1872 1138 1945 1680 1979 1106 1009 1407 1328 1924 1589 1932 1351 1063 1438 1183 1640 1858 1927 1850 1576 1259 1640 1874 1910 1940 1027 1659 1344 1445 1364 1091 1951 1588 1487 1783 1393 1647 1708 1002 1318 1115 1813 1725 1497 1939 1799 1866 1979 BCNSPRNW ULIB Ver.6.0+V

เปลี่ยนเป็นภาษาไทย

Change to English
 แสดงรายละเอียดบรรณานุกรม
  กลับหน้าหลัก

Brief Record : Get Marc (ISO 2709) : E-mail record : QR code < ปิดหน้าต่าง
LEADER : 00000nam 2200000uu 4500
001    13399112955
003     ULIB
008    110919s2545||||th 000 0 tha d
020    9749054024
050  4 LC3998.T5^bอ481 ล.3 2545
100 0  อุษณีย์ อนุรุทธ์วงศ์ (โพธิสุข)
245 10 ฝึกเด็กให้เป็นนักคิด =^bRaising a genius /^cอุษณีย์ อนุนุทธ์วงศ์ (โพธิสุข)
246 31 Raising a genius
260    กรุงเทพฯ :^bมูลนิธิสดศรี-สฤษดิ์วงศ์,^c2545
300    143 หน้า :^bภาพประกอบ ;^c21 ซม.
440  0 หนังสือชุดสร้างเด็กให้เป็นอัจฉริยะ ;^vเล่มที่ 3
650  4 การศึกษาสำหรับผู้ที่มีความสามารถพิเศษ
945    ^p80^l0^i015451
945    ^p80^l0^i015452
945    ^p80^l0^i015453
995    ทศพร
999 ^a ทศพร
รายการนี้ยังไม่มีแท็ก
คุณยังไม่ได้ล็อกอิน คุณสามารถมีกิจกรรมร่วมกับเว็บไซต์ได้ แต่ต้องล็อกอินก่อน ::
  ล็อกอิน

รายการสื่อสารสนเทศ

ลำดับที่ ประเภท เลขเรียก/บาร์โค้ด สถานที่ สถานะ
- ไม่พบข้อมูล -

รายการใกล้เคียง
    ผู้แต่ง [อุษณีย์ อนุรุทธ์วงศ์ (โพธิสุข)]

    หัวเรื่อง [การศึกษาสำหรับผู้ที่มีความสามารถพิเศษ]

BibComment


ยังไม่เคยถูกคอมเมนท์

คอมเมนท์ทรัพยากรรายการนี้
  คอมเมนท์: ฝึกเด็กให้เป็นนัก..


 Copyright 2026. Bcnsprnw @Library